| Tag |
First Indicator |
Second Indicator |
Subfields |
| LEADER |
00000cam a2200000 a 4500 |
| 001 |
in00000099603 |
| 005 |
20231114215320.0 |
| 008 |
781006s1977 ksu b 000 0 engm |
| 010 |
|
|
|a 78316824
|
| 035 |
|
|
|a (OCoLC)04466227
|
| 035 |
|
|
|9 AAL0218AM
|
| 040 |
|
|
|a DLC
|c DLC
|d m.c.
|d TXA
|d UtOrBLW
|
| 043 |
|
|
|a n-us---
|
| 049 |
|
|
|a TXAM
|c [1167258]
|
| 050 |
0 |
0 |
|a KF4159
|b P47
|
| 082 |
0 |
|
|a 344.73/0793
|a 347.304793
|2 19
|
| 100 |
1 |
|
|a Phay, Robert E.
|
| 245 |
1 |
4 |
|a The law of procedure in student suspensions and expulsions :
|b commissioned by ERIC Clearinghouse on Educational Management... /
|c Robert E. Phay.
|
| 264 |
|
1 |
|a Topeka, Kan. :
|b National Organization on Legal Problems of Education,
|c 1977.
|
| 300 |
|
|
|a 57 pages ;
|c 23 cm.
|
| 336 |
|
|
|a text
|b txt
|2 rdacontent
|
| 337 |
|
|
|a unmediated
|b n
|2 rdamedia
|
| 338 |
|
|
|a volume
|b nc
|2 rdacarrier
|
| 490 |
1 |
|
|a NOLPE monograph series
|
| 490 |
1 |
|
|a ERIC/CEM state-of-the-knowledge series ;
|v no. 34
|
| 504 |
|
|
|a Includes bibliographical references.
|
| 650 |
|
0 |
|a Student expulsion
|x Law and legislation
|z United States.
|
| 650 |
|
0 |
|a Student suspension
|x Law and legislation
|z United States.
|
| 830 |
|
0 |
|a ERIC/CEM state-of-the-knowledge series ;
|v no. 34.
|
| 830 |
|
0 |
|a NOLPE monograph series.
|
| 999 |
|
|
|a MARS
|
| 999 |
f |
f |
|s a198f515-1950-37dd-abed-15e0a3d8f107
|i 7724c17e-b08b-3bc0-95c5-153340ced265
|t 0
|
| 952 |
f |
f |
|p ric
|a Texas A&M University
|b Rellis Campus
|c Joint Library Facility
|d Remote Storage
|t 0
|e KF4159 .P47
|h Library of Congress classification
|i unmediated -- volume
|m A14806048003
|
| 998 |
f |
f |
|a KF4159 .P47
|t 0
|l Remote Storage
|